000
00305nam a2200133Ia 4500
001
13155
003
GE_BSU
008
181216s||||||||xx |||||||||||||| ||und||
040
_c
GE_BSU
100
_a
Глинка,К.П.
245
_a
Почвоведение
653
_a
Почвоведение
942
_c
BK
999
_c
46319
_d
46319